Quick Pick: Clothing Song Titles Quiz Stats

 Plays Quiz Updated Jan 22, 2018

Challenge
Share
Tweet
Embed
Score 0/12 Timer 01:30
0 Plays Today
% Correct
Nancy Sinatra
89.4%
Carl Perkins
68.8%
Corey Hart
57.2%
Cherry Poppin' Daddies
54.7%
ZZ Top
51%
Weezer
45.6%
Run-D.M.C.
41%
Nelly
27.6%
The Smiths
26.4%
Miley Cyrus
25.4%
Kanye West
19.2%
The Promise Ring
12.6%

Today's Daily Dose

You're not logged in!

Compare scores with friends on all Sporcle quizzes.
Join for Free
OR
Log In

You Might Also Like...

Show Comments

Extras

Top Quizzes Today


Score Distribution

Your Account Isn't Verified!

In order to create a playlist on Sporcle, you need to verify the email address you used during registration. Go to your Sporcle Settings to finish the process.

Report this User

Report this user for behavior that violates our Community Guidelines.

Details: